| 000 | 00958cam a2200229 4500 | ||
|---|---|---|---|
| 001 | ABS63920 | ||
| 008 | 000000n2001 000 0 eng u | ||
| 035 | _a(Sirsi) u112212 | ||
| 100 | _aBell, J. | ||
| 245 | _aGet in training for the future | ||
| 260 | _c2001 | ||
| 490 |
_aEstates Gazette _v(0015) 14 April 2001, 128-129(2) |
||
| 520 | _aDescribes the Property Services Training Organisation which was formed to bring together major interest groups in the industry and provide links between employers and government. Mentions the projects the PSNTO has launched including the development of a property services qualifications map. With details of how to join PSNTO. | ||
| 590 | _aABS | ||
| 650 | _aPROPERTY SERVICES TRAINING ORGANISATION | ||
| 650 | _aPSNTO | ||
| 650 | _aRESIDENTIAL ESTATE AGENCY TRAINING AND EDUCATION ASSOCIATION | ||
| 650 | _aRICS | ||
| 650 | _aPROPERTY SECTOR | ||
| 690 | _aTRAINING AND CAREER DEVELOPMENT | ||
| 942 | _n0 | ||
| 999 |
_c66828 _d66828 |
||